Longman new junior english dictionary / (Record no. 41400)

MARC details
000 -LEADER
fixed length control field 00642nam a22001937a 4500
005 - DATE AND TIME OF LATEST TRANSACTION
control field 20100812150048.0
010 ## - LCCN (DPL NO)
LC control number ENG-100073
020 ## - INTERNATIONAL STANDARD BOOK NUMBER
International Standard Book Number 9788177587357
Terms of availability 135.00
035 ## - SYSTEM CONTROL NUMBER
System control number EN-83605
037 ## - SOURCE OF ACQUISITION
Source of stock number/acquisition DBAD/PUB
082 ## - DEWEY DECIMAL CLASSIFICATION NUMBER
Classification number 483
245 ## - TITLE STATEMENT
Title Longman new junior english dictionary /
260 ## - PUBLICATION, DISTRIBUTION, ETC. (IMPRINT)
Place of publication, distribution, etc New Delhi
Name of publisher, distributor, etc Pearson Longman
Date of publication, distribution, etc 1993
270 ## - ADDRESS
Address 14 Local Shopping Centre, Panchsheei Park,
City New Delhi
Postal code 110017
300 ## - PHYSICAL DESCRIPTION
Extent 377p.
Dimensions 20cm (pbk)
650 ## - SUBJECT ADDED ENTRY--TOPICAL TERM
Topical term or geographic name as entry element English Dictinary
942 ## - ADDED ENTRY ELEMENTS (KOHA)
Source of classification or shelving scheme Dewey Decimal Classification
Item type English Books
Classification part 483
Call number suffix LON
Holdings
Withdrawn status Lost status Not for loan Collection code Home library Current library Date acquired Source of acquisition Cost, normal purchase price Full call number Barcode Copy number Cost, replacement price Koha item type
    Not For Loan Non-fiction D.B.Act.Division D.B.Act.Division 12/08/2010 DBAD/PUB 135.00 483 LON EN-83605 1 135.00 English Books

© Delhi Public Library
Hit Counter
free hit counter